000 00781nam a2200241 a 4500
001 21836
003 CO-ViMGA
005 20230915231559.0
008 141112s2004 ck r 000 u spa d
020 _a8424607775
040 _aCO-ViMGA
_bspa
_cCO-ViMGA
082 0 4 _a331.712 P677o
100 1 _aAránega, Susanna; Portell, Joan
_910896
245 1 0 _aLos oficios
260 _aBarcelona :
_bLa galera,
_c2002
300 _a31
490 _aDescubrir; 7
500 _aA partir de los 3 años.
590 _aForma de adquisición : Donación fact. 8859 - - Precio : 28000 - - Proveedor : Fundación exito - - Fecha de adquisición : Julio 2007
650 1 4 _aEMPLEO ENSEÑANZA ELEMENTAL
_910898
650 1 4 _aPROFESIONES - ENSEÑANZA ELEMENTAL
_910900
942 _2ddc
_cBK
999 _c30385
_d30385